000 00335nam a22001577a 4500
005 20160629123331.0
008 160629b xxu||||| |||| 00| 0 eng d
041 _aeng
082 _b11025
100 _aCharterjee, Short
_93171
245 _aGrihdah
260 _bunited
300 _a200
650 _aManagement
_9241
942 _cBK
999 _c4652
_d4650